| 000 | 00457nam a22001817a 4500 | ||
|---|---|---|---|
| 003 | OSt | ||
| 005 | 20160310100335.0 | ||
| 008 | 160310b xxu||||| |||| 00| 0 eng d | ||
| 010 | _a7316876 | ||
| 020 | _a0823402401 | ||
| 040 | _cN/A | ||
| 050 |
_aND1510 _b.L97 1974 |
||
| 100 | _aLyttle,Richard B | ||
| 245 |
_aPaints Inks & Dyes _bThe story of colors at work |
||
| 260 |
_aNew York _bHoliday House _cc1974 |
||
| 300 |
_a178p _bill. |
||
| 942 |
_2lcc _cLAP |
||
| 999 |
_c252921 _d252920 |
||